LIBRARY & INFORMATION CENTRE, KCAET, TAVANUR

ONLINE PUBLIC ACCESS CATALOGUE (OPAC)

ലൈബ്രറി സയൻസ് (Record no. 16248)

MARC details
000 -LEADER
fixed length control field 00229nam a22000977a 4500
003 - CONTROL NUMBER IDENTIFIER
control field OSt
008 - FIXED-LENGTH DATA ELEMENTS--GENERAL INFORMATION
fixed length control field 200626b ||||| |||| 00| 0 eng d
100 ## - MAIN ENTRY--AUTHOR NAME
Personal name K M Gopi
245 ## - TITLE STATEMENT
Title ലൈബ്രറി സയൻസ്
942 ## - ADDED ENTRY ELEMENTS (KOHA)
Koha item type Books
Holdings
Withdrawn status Lost status Damaged status Home library Current library Date acquired Cost, normal purchase price Accession Number Koha item type
Withdrawn   Damaged KAUAET KAUAET 26/06/2020 1.50 7501 Books
free website counter